the Simpsons True Or False - Statistics

General Stats
  • This quiz has been taken 1,449 times
    1,361 since last reset
  • The average score is 9 of 10
Answer Stats
Hint Answer % Correct
The Simpsons Once Had A Pool, True Or False True
100%
Michael Jackson voiced a mental patient, true or false False
97%
Homer was almost Krusty, true or false True
96%
Superintendent Chalmers first name is bob, true or false False
95%
Reverend Lovejoys First Name is timothy, true or false True
95%
Bart gets an F is the lowest viewed episode, true of false False
92%
Maggie is voiced by Nancy Cartwright, true or false False
88%
The great Simpsina is the highest viewed episode, true or false false
81%
some People used to think Barney is Nelson's dad, true or false True
75%
Someone mapped Springfield, true or false True
68%
No matching quizzes found
Score Distribution
Percent of People with Each Score
Percentile by Number Answered
Your Score History
You have not taken this quiz since the last reset